Diagnostické metódy ochorení biliárneho systému

Bibliographic Details
Main Authors: Bilický, Jozef (Author), Grunt, Ján, 1953- (Author), Žákovič, Vincent (Author), Kadlečík, Rudolf, 1948- (Author), Baláž, M. (Author), Šelestiaková, D. (Author), Parimucha, Roman (Author), Jurgová, Tatiana, 1948- (Author), Kolenič, Jozef (Author)
Format: Article
Language:Slovak
PhysicalDescription:Res. angl., slov., lit. 7 zázn. v angl., nem.
ISSN:1335-0625
Subjects:

MARC

LEADER 00000nab a2200000 a 4500
001 vtls000574118
003 SK-MaSNL
005 20260304090954.0
008 250425c1995 xo 0 slo
015 |a SNBRB19rr/mm-uuuuu 
035 |a CL0574256 
035 |a urn:nbn:sk:snk-ab6wfp 
035 |a (uuid)bf227c30-3006-4a61-95ac-c8f3129deef0 
035 |a (urnnbn)urn:nbn:sk:snk:ar-a062jn 
035 |a (sysno)vtls000574118 
040 |a SNKBUCL  |b slo  |c SNKBUCL  |e AACR2 
041 0 |a slo 
044 |a xo  |c SK 
080 |a 616.361-073.75  |2 1981 
080 |a 616.366-073.75  |2 1981 
245 0 0 |a Diagnostické metódy ochorení biliárneho systému  |c Jozef Bilický ... [et al.] 
300 |b Res. angl., slov., lit. 7 zázn. v angl., nem. 
650 0 7 |a žlčník  |2 snkbucl  |9 20168 
650 0 7 |a žlčové cesty  |2 snkbucl  |9 87921 
650 0 7 |a rádiodiagnostika  |2 snkbucl  |9 15781 
655 7 |a články z novín a časopisov  |2 snkbucl  |9 267496 
700 1 |a Bilický, Jozef  |4 aut  |9 7921 
700 1 |a Grunt, Ján,  |d 1953-  |4 aut  |9 233477 
700 1 |a Žákovič, Vincent  |4 aut  |9 425432 
700 1 |a Kadlečík, Rudolf,  |d 1948-  |4 aut  |9 243169 
700 1 |a Baláž, M.  |4 aut  |9 778834 
700 1 |a Šelestiaková, D.  |4 aut  |9 1380477 
700 1 |a Parimucha, Roman  |4 aut  |9 203428 
700 1 |a Jurgová, Tatiana,  |d 1948-  |4 aut  |9 12111 
700 1 |a Kolenič, Jozef  |4 aut  |9 269103 
773 0 |t Slovenská rádiológia  |g Roč. 2, č. 2 (1995), s. 77-82  |x 1335-0625 
850 |a Slovenská národná knižnica 
852 |a Slovenská národná knižnica 
954 |a odborná, vedecká literatúra pôvodná (slovenská)  |2 lita 
958 |a article27 
958 |a RK 
958 |a MI 
958 |a NB 
958 |a OND 
958 |a EUIPO 
992 |a RBX 
999 |c 2813535  |d 2815465